000 01211cam a2200277 4500
001 ABS64128
008 000000n2001 000 0 eng u
035 _a(Sirsi) u113124
100 _aAdler, J.
245 _aUnited States area review: Chicago
260 _c2001
490 _aNational Real Estate Investor
_vApril 2001, 75-101(19)
520 _aA overview of the industrial, office, residential and retail property markets in the Chicago area. Apartment buildings are proving particularly popular with investors, while industrial property is also in demand and the retail sector is experiencing a construction boom. Includes articles on the increase in the number of luxury hotels in the downtown area and the state of the industrial market following the failure of many dot-com occupiers and a discussion of the future of Chicago's central business district. Graph.
590 _aABS
650 _aAPARTMENTS
650 _aCHICAGO
650 _aHOTELS
650 _aINDUSTRIAL SECTOR
650 _aOFFICES
650 _aPROPERTY INVESTMENT
650 _aRESIDENTIAL SECTOR
650 _aRETAIL SECTOR
650 _aUNITED STATES
690 _aCOMMERICAL PROPERTY-MARKET
942 _n0
999 _c67347
_d67347